[Event "HUN-chT2 Toth 0910"]
[Site "Hungary"]
[Date "2010.02.14"]
[Round "6.8"]
[White "Molnar, Jozsef"]
[Black "Szalaji, Gabor"]
[Result "0-1"]
[WhiteElo "1722"]
[BlackElo "1855"]
[PlyCount "120"]
[EventDate "2009.11.08"]
[EventType "team-tourn"]
[EventRounds "11"]
[EventCountry "HUN"]
[SourceTitle "EXT 2011"]
[Source "ChessBase"]
[SourceDate "2010.11.26"]
[SourceVersion "1"]
[SourceVersionDate "2010.11.26"]
[SourceQuality "1"]
[WhiteTeam "Abony"]
[BlackTeam "Szentes Spartacus"]
[WhiteTeamCountry "HUN"]
[BlackTeamCountry "HUN"]

1. e4 c6 2. d4 d5 3. Nc3 dxe4 4. Nxe4 Bf5 5. Ng3 Bg6 6. Nf3 Nd7 7. h4 h6 8. h5 Bh7 9. Bd3 Bxd3 10. Qxd3 e6 11. Bd2 Qb6 12. 0-0 Ngf6 13. c4 Be7 14. b4 0-0 15. a4 Qc7 16. Rfe1 Bd6 17. Ne5 Nxe5 18. dxe5 Bxe5 19. Rxe5 Qxe5 20. Bc3 Qg5 21. Qe2 Rad8 22. Rd1 Rxd1+ 23. Qxd1 Qg4 24. Qd4 Qxd4 25. Bxd4 b6 26. a5 Rd8 27. Ne2 c5 28. bxc5 bxa5 29. c6 Rc8 30. Bxa7 Rxc6 31. c5 Nxh5 32. Nd4 Rc8 33. Nb5 Nf6 34. Nd6 Ra8 35. Bb6 Ne8 36. Nc4 a4 37. Na3 Rc8 38. Nb5 a3 39. Nxa3 Nc7 40. Nc4 Nd5 41. Ne3 Nxb6 42. cxb6 Rb8 43. Nc4 Kf8 44. Kf1 Ke7 45. Ke2 f6 46. Kd3 Kd7 47. Kd4 Kc6 48. b7 Rd8+ 49. Ke4 Kxb7 50. f4 g6 51. g4 f5+ 52. gxf5 exf5+ 53. Ke5 Rd1 54. Kf6 Rg1 55. Ne5 h5 56. Nf3 Rg4 57. Nh2 Rg3 58. Nf1 h4 59. Ke5 Rg1 60. Nh2 h3 0-1